000 00738nam a22002297a 4500
005 20170124110026.0
010 _aA-423209
020 _c00.00
_a8120202821
035 _aA-423209
037 _bCen Lib/Ret
040 _aDPL
_bEN
082 _a370.954
_bBHA
100 _aBhanu Pratap Singh
_920616
245 _aAims of education in India /
_cby Bhanu Pratap Singh
260 _aDelhi
_bAjanta Publications
_c1990
270 _bDelhi
_aI-UB Jawahar Nagar
_e110007
300 _axiii,242p.
_c21cm(Hb)
500 _aIncludes bibliographical references and index
650 _aEducation -- India -- History
_920617
650 _aEducation -- Aims and objectives -- India
_920618
942 _2ddc
_cEN
_h370.954
_mBHA
999 _c127481
_d127481